000 00333pab a2200133 454500
008 180718b xxu||||| |||| 00| 0 eng d
100 _aTiwari A.C.
245 _aAccountability in public finances
362 _a17 Jul 93, p.4
650 _a Accountability
650 _aFinance -- India
773 _aFInancial Express
909 _a24867
999 _c24867
_d24867